|
|
|
|
| LEADER |
00963nab a2200229 i 4500 |
| 001 |
acta45281 |
| 005 |
20231108134941.0 |
| 008 |
170403s2015 hu o 0|| hun d |
| 020 |
|
|
|a 978 963 306 421 4
|
| 022 |
|
|
|a 0324-6523
|
| 040 |
|
|
|a SZTE Egyetemi Kiadványok Repozitórium
|b hun
|
| 041 |
|
|
|a hun
|
| 100 |
1 |
|
|a Trócsányi László
|
| 245 |
1 |
0 |
|a Nemzeti alkotmányok, európai integráció és alkotmányos identitás
|h [elektronikus dokumentum] /
|c Trócsányi László
|
| 260 |
|
|
|a Szegedi Tudományegyetem Állam- és Jogtudományi Karának tudományos bizottsága
|b Szeged
|c 2015
|
| 300 |
|
|
|a 319-328
|
| 490 |
0 |
|
|a Acta Universitatis Szegediensis : acta juridica et politica
|v 78
|
| 650 |
|
4 |
|a Társadalomtudományok
|
| 650 |
|
4 |
|a Politikatudomány
|
| 650 |
|
4 |
|a Egyéb társadalomtudományok
|
| 695 |
|
|
|a Nemzeti alkotmányok - Európai Unió - összehasonlító jog
|
| 856 |
4 |
0 |
|u http://acta.bibl.u-szeged.hu/45281/1/juridpol_078_319-328.pdf
|z Dokumentum-elérés
|